000 00876nam a2200217Ii 4500
003 JO-AjNU
008 230605s9999||||xx |||||||||||||| ||und||
017 _a2008/8/2922
040 _aJO-AjNU
_bara
_erda
_cJO-AjNU
041 _aara
050 1 4 _aKMM404.5.K43.2009
100 3 _aخضرة، زكريا محمد,
_eauthor
_921492
245 0 0 _aالقتل العمد : دراسة تأصيلية فقهية مقارنة
250 _aط1
264 3 1 _aعمان : دار الياقوت، 2009
300 _a74ص
336 _atext
_btxt
_2rdacontent
337 _aunmediated
_bn
_2rdamedia
338 _avolume
_bnc
_2rdacarrier
650 4 _aجرائم القتل (فقه إسلامي) -- جرائم القتل -- القانون الجنائي -- الأردن -- القانون الجنائي -- السودان -- القتل -- الجنايات (فقه إسلامي)
_921493
999 _aA7473
_c11041
_d11041